Szeged és Csongrád megye ipari termelésének üteme meghaladja az országos átlagot
Elmentve itt :
| Szerző: | |
|---|---|
| Dokumentumtípus: | Cikk |
| Megjelent: |
1967-11-10
|
| Sorozat: | Délmagyarország
57 No. 266 |
| Kulcsszavak: | Ipari termelés eredmények Szeged 1967, Ipari termelés eredmények Csongrád megye 1967, ipar |
| Online Access: | http://dmarchiv.bibl.u-szeged.hu/65334 |
| LEADER | 00590nab a2200157 i 4500 | ||
|---|---|---|---|
| 001 | delm65334 | ||
| 005 | 20180927151308.0 | ||
| 008 | 180927s1967 hu o 0|| hun d | ||
| 040 | |a SZTE Délmagyarország Archívum |b hun | ||
| 041 | |a hun | ||
| 100 | 1 | |a Gazdagh István | |
| 245 | 1 | 0 | |a Szeged és Csongrád megye ipari termelésének üteme meghaladja az országos átlagot |h [elektronikus dokumentum] / |c Gazdagh István |
| 260 | |c 1967-11-10 | ||
| 300 | |a 1 | ||
| 490 | 0 | |a Délmagyarország |v 57 No. 266 | |
| 695 | |a Ipari termelés eredmények Szeged 1967, Ipari termelés eredmények Csongrád megye 1967, ipar | ||